000 00447nam a2200157Ia 4500
008 190425s9999 xx 000 0 und d
100 _aCervantes, Ding
245 _aDuterte vows to fulfill land reform election promise/
245 _cDing Cervantes, Rhodina Villanueva
260 _bThe Philippine Star
260 _c2017
300 _aSeptember 9
440 _aThe Philippine Star
650 _aClark (Pampanga)
650 _aland reform
999 _c361664
_d361664